Countries by Population - 4 by 4 - Statistics

General Stats
  • This quiz has been taken 16 times
  • The average score is 18 of 49
Answers on the Map
Answers color-coded by a green-red scale on the quiz's map according to % correct below.
 
Answer Stats
# Answer % Correct
1-4 India | China | United States | Indonesia
100%
5-8 Pakistan | Nigeria | Brazil | Bangladesh
100%
9-12 Russia | Mexico | Ethiopia | Japan
100%
17-20 Iran | Turkey | Germany | Thailand
87%
25-28 Italy | Kenya | Myanmar | Colombia
87%
13-16 Philippines | Egypt | D.R. Congo | Vietnam
87%
29-32 South Korea | Uganda | Sudan | Spain
87%
21-24 Tanzania | United Kingdom | France | South Africa
87%
33-36 Iraq | Algeria | Argentina | Afghanistan
80%
41-44 Angola | Saudi Arabia | Uzbekistan | Yemen
73%
37-40 Poland | Canada | Morocco | Ukraine
73%
45-48 Mozambique | Ghana | Peru | Malaysia
67%
49-52 Nepal | Madagascar | Ivory Coast | Venezuela
67%
57-60 Syria | Taiwan | Mali | Burkina Faso
60%
53-56 Cameroon | Niger | Australia | North Korea
53%
69-72 Ecuador | Guatemala | Senegal | Netherlands
33%
65-68 Romania | Chile | Chad | Somalia
33%
97-100 Belarus | Israel | Togo | Austria
27%
77-80 Benin | Burundi | Tunisia | Bolivia
27%
109-112 Bulgaria | Turkmenistan | El Salvador | Republic of the Congo
27%
193-196 Palau | Nauru | Tuvalu | Vatican City
27%
85-88 South Sudan | Cuba | Honduras | Sweden
27%
93-96 Tajikistan | Portugal | Hungary | United Arab Emirates
27%
185-188 Antigua and Barbuda | Andorra | Dominica | Saint Kitts and Nevis
20%
73-76 Cambodia | Zimbabwe | Guinea | Rwanda
20%
89-92 Czech Republic | Papua New Guinea | Azerbaijan | Greece
20%
129-132 Eritrea | Georgia | Mongolia | Uruguay
20%
117-120 Finland | Liberia | Norway | New Zealand
20%
81-84 Haiti | Belgium | Dominican Republic | Jordan
20%
141-144 Lithuania | Namibia | Gabon | Lesotho
20%
189-192 Marshall Islands | Liechtenstein | Monaco |San Marino
20%
105-108 Serbia | Libya | Paraguay | Kyrgyzstan
20%
101-104 Sierra Leone | Switzerland | Laos | Nicaragua
20%
113-116 Singapore | Denmark | Central African Republic | Slovakia
20%
61-64 Sri Lanka | Malawi | Zambia | Kazakhstan
20%
121-124 Costa Rica | Lebanon | Ireland | Mauritania
13%
153-156 East Timor | Estonia | Mauritius | Cyprus
13%
181-184 F.S. Micronesia | Tonga | Seychelles | Saint Vincent and the Grenadines
13%
161-164 Guyana | Bhutan | Solomon Islands | Luxembourg
13%
133-136 Moldova | Bosnia and Herzegovina |Gambia | Albania
13%
125-128 Oman | Panama | Kuwait | Croatia
13%
177-180 Samoa | Saint Lucia | Kiribati | Grenada
13%
145-148 Guinea-Bissau | Slovenia | North Macedonia | Latvia
7%
173-176 Iceland | Vanuatu | Barbados | São Tomé and Príncipe
7%
137-140 Jamaica | Armenia | Qatar | Botswana
7%
169-172 Maldives | Brunei | Belize | Bahamas
7%
165-168 Suriname | Montenegro | Cape Verde | Malta
7%
149-152 Equatorial Guinea | Kosovo |Trinidad and Tobago | Bahrain
0%
157-160 Eswatini | Djibouti | Fiji | Comoros
0%
No matching quizzes found
Score Distribution
Percent of People with Each Score
Percentile by Number Answered
Your Score History
You have not taken this quiz